<?xml version="1.0" encoding="UTF-8"?>
<record
    xmlns:xsi="http://www.w3.org/2001/XMLSchema-instance"
    xsi:schemaLocation="http://www.loc.gov/MARC21/slim http://www.loc.gov/standards/marcxml/schema/MARC21slim.xsd"
    xmlns="http://www.loc.gov/MARC21/slim">

  <leader>01879nam a22001937a 4500</leader>
  <controlfield tag="005">20210414113930.0</controlfield>
  <controlfield tag="008">120425t        xxu||||| |||| 00| 0 eng d</controlfield>
  <datafield tag="020" ind1=" " ind2=" ">
    <subfield code="a">9781844800476</subfield>
  </datafield>
  <datafield tag="050" ind1=" " ind2=" ">
    <subfield code="a">G156.5.E26 E3547</subfield>
  </datafield>
  <datafield tag="100" ind1=" " ind2=" ">
    <subfield code="a">Diamantis, Dimitrios</subfield>
  </datafield>
  <datafield tag="245" ind1=" " ind2=" ">
    <subfield code="a">Ecotourism management and assessment. /</subfield>
    <subfield code="c">Dimitrios Diamantis</subfield>
  </datafield>
  <datafield tag="260" ind1=" " ind2=" ">
    <subfield code="a">London:</subfield>
    <subfield code="b">Cengage Learning,</subfield>
    <subfield code="c">2011.</subfield>
  </datafield>
  <datafield tag="300" ind1=" " ind2=" ">
    <subfield code="a">xix, 359 p.:</subfield>
    <subfield code="b">ill.;</subfield>
    <subfield code="c">26cm.</subfield>
  </datafield>
  <datafield tag="500" ind1=" " ind2=" ">
    <subfield code="a">Includes index.</subfield>
  </datafield>
  <datafield tag="505" ind1=" " ind2=" ">
    <subfield code="a">Contents: Ecotourism management: an overview -- Ecotourism assessment: an overview -- Practical management tools and approaches for resources protection and assessment -- Indicators and risk management for ecotourism destinations -- Ecotourism certification criteria  and procedures: implication for ecotourism management -- The Polar framework and its operation in an ecotourism setting -- Ecotourism policy -- Managing ecotourism in the island microstate: the case of Dominica -- The Case for an ecotourist peace park and cultural heritage corridor in the Korean demilitarized zone -- The State of nature tourism in Texas: sustaining the rural agricultural family enterprise -- Canadian aboriginal ecotourism in the North -- Marketing ecotourism: a focus on Chile -- Management of ecotourism destination through policies of investment: tne case of the Peneda-Geres National Park, Portugal -- Ecotourism planning considerations in Eastern Central Europe -- Responsible nature-based tourism planning in South Africa and commercialization of Kruger National Park -- Development of responsible tourism guidelines for South Africa -- Ecotourism in Thailand and Kenya: a private sector perspective -- Ecotourism planning and destination management in vietnam -- An Ecotourism development plan for the Abrolhos Island, Western Australia.</subfield>
  </datafield>
  <datafield tag="650" ind1=" " ind2=" ">
    <subfield code="a">Ecotourism. </subfield>
  </datafield>
  <datafield tag="650" ind1=" " ind2=" ">
    <subfield code="a">Ecotourism</subfield>
    <subfield code="x">Management. </subfield>
  </datafield>
  <datafield tag="942" ind1=" " ind2=" ">
    <subfield code="2">lcc</subfield>
    <subfield code="c">BK</subfield>
  </datafield>
  <datafield tag="999" ind1=" " ind2=" ">
    <subfield code="c">769</subfield>
    <subfield code="d">8269</subfield>
  </datafield>
  <datafield tag="952" ind1=" " ind2=" ">
    <subfield code="0">0</subfield>
    <subfield code="1">0</subfield>
    <subfield code="2">lcc</subfield>
    <subfield code="4">0</subfield>
    <subfield code="7">0</subfield>
    <subfield code="a">WIUC-1</subfield>
    <subfield code="b">WIUC-1</subfield>
    <subfield code="c">GEN</subfield>
    <subfield code="d">2012-04-25</subfield>
    <subfield code="l">0</subfield>
    <subfield code="o">G156.5.E26E3547</subfield>
    <subfield code="p">1925/12</subfield>
    <subfield code="r">2012-04-25 00:00:00</subfield>
    <subfield code="t">1</subfield>
    <subfield code="w">2012-04-25</subfield>
    <subfield code="y">BK</subfield>
  </datafield>
</record>
